Aspectos metodológicos del análisis social en el enfoque de sistemas de producción
Na minha lista:
| Autor principal: | |
|---|---|
| Formato: | Livro |
| Idioma: | espanhol |
| Publicado em: |
San José
IICA-RISPAL
1991
|
| coleção: | Serie de Ponencias, Resultados y Recomendaciones de Eventos Técnicos, A1/SC-91-04
|
| Assuntos: | |
| Tags: |
Adicionar Tag
Sem tags, seja o primeiro a adicionar uma tag!
|
MARC
| LEADER | 00000nam a2200000 a 4500 | ||
|---|---|---|---|
| 001 | UCM7892 | ||
| 003 | CL-VaPUC | ||
| 005 | 20240104150743.0 | ||
| 008 | 030110e19910000cr 1 spa d | ||
| 082 | 0 | 4 | |a 338.63 |b QUI |2 21 |
| 100 | 1 | |a Quijandría, Benjamín |e author |9 620242 | |
| 245 | 1 | 0 | |a Aspectos metodológicos del análisis social en el enfoque de sistemas de producción |
| 246 | 1 | 0 | |a Memorias de la II reunión de trabajo |
| 260 | |a San José |b IICA-RISPAL |c 1991 | ||
| 300 | |a 151 p | ||
| 490 | 0 | |a Serie de Ponencias, Resultados y Recomendaciones de Eventos Técnicos, A1/SC-91-04 | |
| 583 | |a last modification |c 20030110 00:00:00 |k Rodrigo Vera | ||
| 650 | 0 | 7 | |a SISTEMAS DE PRODUCCION |2 CL-VaPUC |9 620243 |
| 650 | 0 | 0 | |a Análisis de sistemas |9 260059 |
| 650 | 0 | 0 | |a Análisis sociológico |9 337962 |
| 650 | 0 | 7 | |a ENFOQUE DE SISTEMAS |2 CL-VaPUC |9 620244 |
| 942 | |c BK | ||
| 945 | |a lriquelm |d 20030110 00:00:00 | ||
| 546 | |a En Español | ||
| 518 | |p Reunión de Trabajo: Aspectos Metodológicos del Análisis Social en el Enfoque de Sistema de Producción, 2, Cajamarca, 27-31 de marzo de 1990 | ||
| 999 | |c 383830 |d 383828 | ||